000 00276nam a2200109 a 4500
005 20141022141959.0
008 120306s19uu xx 00 eng d
050 _aCD
_bAb8 1997
245 _aMichael Abrash's graphics programming black book.
260 _c1997.
942 _cAVM
999 _c276135
_d276135